| 000 | 01277nam a22003137a 4500 | ||
|---|---|---|---|
| 001 | BR7704465 | ||
| 003 | BR-BrBNA | ||
| 005 | 20230928085403.0 | ||
| 007 | ta | ||
| 008 | 230509b bl.||||| |||| 00| 0 por d | ||
| 040 |
_aBR-BrBNA _bpor _cBiblioteca Nacional de Agricultura |
||
| 041 | _a(Eng) | ||
| 072 |
_aK10; F00 _b/G514 |
||
| 090 | _ K10 BR7704465 | ||
| 100 | 1 | _aSantos, A.P. dos | |
| 100 | 1 | _aNovo, E.M.L. de M. | |
| 110 | 1 | _aInstituto de Pesquisas Espaciais, Sao Jose dos Campos, SP (Brasil) | |
| 111 | 1 |
_aSimposio Internacional de Percepcion Remota Aplicada a Demografia Y Uso Actual de la Tierra _cLa Paz (Bolivia) _d28 Nov 1977 |
|
| 245 | 1 |
_aThe use of Landsat data for the establishment, control and supervision of pasture projects in the southeast Amazon region [pastagem, sensoriamento remoto, regiao Amazonica, desmatamento, Brasil] _bINPE-1152-PE/104 |
|
| 260 | 3 |
_aSao Jose dos Campos, SP (Brasil): _c1977. |
|
| 300 | _a27 p. | ||
| 500 | _a9 Maps, scale 1:1.363,636; Summary (Eng). (*) Documento disponível na(o) Instituto de Pesquisas Espaciais, Sao Jose dos Campos SP (Brazil) | ||
| 650 | _aPASTAGEM | ||
| 650 | _aDESMATAMENTO | ||
| 650 | _aSENSORIAMENTO REMOTO | ||
| 650 | _aAMAZONIA | ||
| 909 |
_a202309 _bLucia _c55 _dLucia Elande |
||
| 942 | _cBK | ||
| 999 |
_c24160 _d24160 |
||